Statistics for Soccer Players by Country #2

Click here to take the quiz!

General Stats

  • This quiz has been taken 10,341 times
  • The average score is 14 of 15

Answer Stats

PlayerCountry% Correct
Zlatan IbrahimovicSweden
99%
Gareth BaleWales
98%
Manuel NeuerGermany
97%
Robert LewandowskiPoland
97%
RonaldinhoBrazil
96%
Arjen RobbenThe Netherlands
95%
Luis SuárezUruguay
95%
Sergio AgüeroArgentina
94%
David VillaSpain
94%
Shinji KagawaJapan
91%
Tim HowardUnited States
91%
Samuel Eto'oCameroon
88%
Javier HernandezMexico
87%
Nemanja VidicSerbia
86%
Radamel FalcaoColombia
85%

Score Distribution

Percentile by Number Answered

Percent of People with Each Score

Your Score History

You have not taken this quiz